Legacies of slave trade, slavery and indentured labour in post slavery societies in the caribbean (Record no. 1435589)

MARC details
000 -LEADER
fixed length control field 00992 a2200277 4500
005 - DATE AND TIME OF LATEST TRANSACTION
control field 20251218120327.0
008 - FIXED-LENGTH DATA ELEMENTS--GENERAL INFORMATION
fixed length control field 251218b |||||||| |||| 00| 0 eng d
020 ## - INTERNATIONAL STANDARD BOOK NUMBER
International Standard Book Number 978-93-6080-571-5 (hbk)
037 ## - SOURCE OF ACQUISITION
Terms of availability TB
040 ## - CATALOGING SOURCE
Original cataloging agency AL
Transcribing agency AL
041 ## - LANGUAGE CODE
Source of code eng
Language code of text/sound track or separate title eng
084 ## - COLON CLASSIFICATION NUMBER
Classification number Y:451262.96C R5
Assigning agency AL
245 ## - TITLE STATEMENT
Title Legacies of slave trade, slavery and indentured labour in post slavery societies in the caribbean
260 ## - PUBLICATION, DISTRIBUTION, ETC.
Place of publication, distribution, etc. New Delhi, India:
Name of publisher, distributor, etc. Manohar,
Date of publication, distribution, etc. 2025.
300 ## - PHYSICAL DESCRIPTION
Extent 226p.
365 ## - TRADE PRICE
Price amount 1495.00
Currency code INR
650 ## - SUBJECT ADDED ENTRY--TOPICAL TERM
Topical term or geographic name entry element Slavery
9 (RLIN) 857749
650 ## - SUBJECT ADDED ENTRY--TOPICAL TERM
Topical term or geographic name entry element Sociology
9 (RLIN) 857750
650 ## - SUBJECT ADDED ENTRY--TOPICAL TERM
Topical term or geographic name entry element History
9 (RLIN) 857751
700 ## - ADDED ENTRY--PERSONAL NAME
Personal name Toussaint, Michael
Relator term (Editor)
9 (RLIN) 857752
700 ## - ADDED ENTRY--PERSONAL NAME
Personal name Putten, H.M.A.E.N.D.
Relator term (Editor)
9 (RLIN) 857753
700 ## - ADDED ENTRY--PERSONAL NAME
Personal name Egger, Jerome L.
Relator term (Editor)
9 (RLIN) 857754
700 ## - ADDED ENTRY--PERSONAL NAME
Personal name Jagdew, Eric R.
Relator term (Editor)
9 (RLIN) 857755
942 ## - ADDED ENTRY ELEMENTS (KOHA)
Koha item type Textbook
Source of classification or shelving scheme Colon Classification (CC)
Suppress in OPAC No
Classification part Y:451262.96C R5
Holdings
Withdrawn status Lost status Source of classification or shelving scheme Damaged status Not for loan Home library Current library Date acquired Source of acquisition Cost, normal purchase price Inventory number Total Checkouts Full call number Barcode Date last seen Cost, replacement price Price effective from Koha item type
    Colon Classification (CC)     Arts Library Arts Library 2025-12-18 Bright Book Service 1196.00 2511 & 07/10/2025   Y:451262.96C R5 AL1804741 2025-10-10 1495.00 2025-10-10 Textbook
Copyright @ Delhi University Library System